00434naa a2200157 a 450000100080000000500110000800800410001910000200006024500680008026000090014865300100015765300120016765300100017965300130018977300740020210295172004-03-02 2003 bl uuuu u00u1 u #d1 aCHABARIBERY, D. aDesempenho recente da producao de leite no Estado de Sao Paulo. c2003 aLeite aMercado aPreco aProducao tInformacoes Economicas, Sao Paulogv. 33, n. 12, p. 16-29, dez. 2003.